The artful mind : (Record no. 20336)

000 -LEADER
fixed length control field 02157cam a22003374a 4500
001 - CONTROL NUMBER
control field 14164228
005 - DATE AND TIME OF LATEST TRANSACTION
control field 20170119083825.0
008 - FIXED-LENGTH DATA ELEMENTS--GENERAL INFORMATION
fixed length control field 051102s2006 enkag b 001 0 eng
010 ## - LIBRARY OF CONGRESS CONTROL NUMBER
LC control number 2005031824
020 ## - INTERNATIONAL STANDARD BOOK NUMBER
International Standard Book Number 0195306368 (cloth : alk. paper)
020 ## - INTERNATIONAL STANDARD BOOK NUMBER
International Standard Book Number 9780195306361 (cloth : alk. paper)
035 ## - SYSTEM CONTROL NUMBER
System control number (OCoLC)ocm62281884
042 ## - AUTHENTICATION CODE
Authentication code pcc
050 00 - LIBRARY OF CONGRESS CALL NUMBER
Classification number N71 .A762 2006
245 04 - TITLE STATEMENT
Title The artful mind :
Remainder of title cognitive science and the riddle of human creativity /
Statement of responsibility, etc. edited by Mark Turner.
260 ## - PUBLICATION, DISTRIBUTION, ETC. (IMPRINT)
Place of publication, distribution, etc. Oxford ;
-- New York :
Name of publisher, distributor, etc. Oxford University Press,
Date of publication, distribution, etc. 2006.
300 ## - PHYSICAL DESCRIPTION
Extent xvi, 314 p. :
Other physical details ill., music ;
Dimensions 25 cm.
504 ## - BIBLIOGRAPHY, ETC. NOTE
Bibliography, etc Includes bibliographical references and index.
505 00 - FORMATTED CONTENTS NOTE
Title Art and cognitive evolution /
Statement of responsibility Merlin Donald --
Title The aesthetic faculty /
Statement of responsibility Terrence Deacon --
Title A cognitive account of aesthetics /
Statement of responsibility Francis Steen --
Title Composition and emotion /
Statement of responsibility David Freedberg --
Title The art of compression /
Statement of responsibility Mark Turner --
Title The cognitive tango /
Statement of responsibility Lawrence M. Zbikowski --
Title Dynamics of completion /
Statement of responsibility Shirley Brice Heath --
Title The neuroscience of form in art /
Statement of responsibility George Lakoff --
Title Form and meaning in art /
Statement of responsibility Per Aage Brandt --
Title Slippages of meaning and form /
Statement of responsibility Stephen Murray --
Title Making relics work /
Statement of responsibility Robert A. Scott --
Title Architectural space as metaphor in the Greek sanctuary /
Statement of responsibility Gloria Ferrari --
Title The neurology of ambiguity /
Statement of responsibility Semir Zeki --
Title Mastering ambiguity /
Statement of responsibility Marc De Mey.
650 #0 - SUBJECT ADDED ENTRY--TOPICAL TERM
Topical term or geographic name as entry element Art
General subdivision Psychology.
650 #0 - SUBJECT ADDED ENTRY--TOPICAL TERM
Topical term or geographic name as entry element Cognition.
650 #0 - SUBJECT ADDED ENTRY--TOPICAL TERM
Topical term or geographic name as entry element Creative ability.
700 1# - ADDED ENTRY--PERSONAL NAME
Personal name Turner, Mark,
Dates associated with a name 1954-
856 41 - ELECTRONIC LOCATION AND ACCESS
Materials specified Table of contents only
Uniform Resource Identifier <a href="http://www.loc.gov/catdir/toc/ecip062/2005031824.html">http://www.loc.gov/catdir/toc/ecip062/2005031824.html</a>
856 42 - ELECTRONIC LOCATION AND ACCESS
Materials specified Publisher description
Uniform Resource Identifier <a href="http://www.loc.gov/catdir/enhancements/fy0640/2005031824-d.html">http://www.loc.gov/catdir/enhancements/fy0640/2005031824-d.html</a>
942 ## - ADDED ENTRY ELEMENTS (KOHA)
Source of classification or shelving scheme
Koha item type Hard Covered Materials
Classification part N71 .A762 2006
Holdings
Withdrawn status Lost status Source of classification or shelving scheme Damaged status Not for loan Home library Current library Shelving location Date acquired Source of acquisition Total Checkouts Full call number Barcode Date last seen Date last checked out Price effective from Koha item type
          MACHAKOS UNIVERSITY LIBRARY MACHAKOS UNIVERSITY LIBRARY Technical section 19/01/2017 Donation(BFA) 1 N71 .A762 2006 30490 16/11/2019 16/11/2019 19/01/2017 Hard Covered Materials
© Machakos University Library, Along The Highway, Machakos Wote Rd, Machakos, Kenya P.O. Box 136 - 90100 Machakos - Kenya

Tel: ( +254 ) 723 805829 OR Fax : 044-20353 OR Email: library@mksu.ac.ke